Vista normal Vista MARC

Entrada Topical Term

Número de registros utilizados en: 2

001 - CONTROL NUMBER

  • control field: 2070

003 - CONTROL NUMBER IDENTIFIER

  • control field: OSt

005 - DATE AND TIME OF LATEST TRANSACTION

  • control field: 20200328014315.0

008 - FIXED-LENGTH DATA ELEMENTS

  • fixed length control field: 200328|| aca||aabn | a|a d

040 ## - CATALOGING SOURCE

  • Original cataloging agency: OSt
  • Transcribing agency: OSt

150 ## - HEADING--TOPICAL TERM

  • Topical term or geographic name entry element: America latina

670 ## - SOURCE DATA FOUND

  • Source citation: Work cat.: (OSt)4863: Cunill Grau, Nuria, coordinadora 2068, Fortalecimiento del alto gobierno para el diseño, conducción y evaluación de políticas públicas